Words That Mean 'Maria' Quiz Stats

 Plays Quiz Updated Aug 17, 2019

Score 0/16 Timer 02:00
5 Plays Today
% Correct
girl
79.6%
*GIRL*
79.6%
child
77.5%
*CHILD*
77.5%
angel
70.8%
*ANGEL*
70.8%
lamb
64.1%
*LAMB*
64.1%
% Correct
demon
62.9%
*DEMON*
62.9%
darling
50.4%
*DARLING*
50.4%
headache
44.7%
*HEADACHE*
44.7%
riddle
37.8%
*RIDDLE*
37.8%

You're not logged in!

Compare scores with friends on all Sporcle quizzes.
OR
Log In

Sporcle TV

Today on Sporcle TV


Watch our educational content, quiz creation guides, and fun videos on Sporcle TV.

Show Comments

Extras

Top Quizzes Today


Score Distribution

Your Account Isn't Verified!

In order to create a playlist on Sporcle, you need to verify the email address you used during registration. Go to your Sporcle Settings to finish the process.

Report this User

Report this user for behavior that violates our Community Guidelines.

Details: